| 000 | 00709nam a2200265Ia 4500 | ||
|---|---|---|---|
| 008 | 160803s9999 xx 000 0 und d | ||
| 020 | _a0 590227157 | ||
| 100 | _aCristaldi, Kathryn | ||
| 245 | _aEven Steven and Odd Todd / | ||
| 245 | _cby Kathryn Cristaldi ; illustrated by Henry B. Morehouse. | ||
| 260 | _aNew York : | ||
| 260 | _bScholastic Inc. | ||
| 260 | _c1996 | ||
| 300 | _a[37] unnumbered pages : | ||
| 300 | _bcolor illustrations ; | ||
| 300 | _c23 cm | ||
| 500 | _aGrowing reader. A Math reader. Level 3 | ||
| 650 | _aCounting -- | ||
| 650 | _aCousins -- | ||
| 650 | _aNumerals -- | ||
| 650 | _xFiction. | ||
| 650 | _xFiction. | ||
| 650 | _xFiction. | ||
| 700 | _a410 | ||
| 999 |
_c299070 _d299070 |
||